Music Quiz

Random Music or Album Quiz

Springsteen Songs (70s & 80s) Quiz Stats

 Plays Quiz Updated Mar 3, 2020

     
Support Sporcle.
Go Orange.
Score 0/88 Timer 15:00
1 Play Today
Album Title Songs % Correct
Born to RunBorn to Run
94.8%
Born in the U.S.A.Born in the U.S.A.
92.1%
The River (LP 1)The River
88.4%
Darkness on the Edge of TownDarkness on the Edge of Town
83.2%
Born to RunThunder Road
82.5%
Tunnel of LoveTunnel of Love
80.8%
NebraskaNebraska
79.1%
Born to RunJungleland
77.7%
Born in the U.S.A.Dancing in the Dark
77.5%
Born in the U.S.A.Glory Days
74.4%
The Wild, The Innocent & The E Street ShuffleRosalita (Come Out Tonight)
74.2%
Born to RunTenth Avenue Freeze-Out
73.4%
Darkness on the Edge of TownBadlands
73.2%
Greetings from Asbury Park, NJBlinded by the Light
70.8%
Born in the U.S.A.I'm on Fire
68.6%
The River (LP 1)Hungry Heart
68%
The Wild, The Innocent & The E Street ShuffleThe E Street Shuffle
67.4%
Born to RunBackstreets
66.2%
NebraskaAtlantic City
65.3%
Born in the U.S.A.My Hometown
63.8%
Born to RunMeeting Across the River
63.5%
Born to RunShe's the One
63.2%
Born to RunNight
62.5%
Darkness on the Edge of TownRacing in the Street
60.8%
Darkness on the Edge of TownThe Promised Land
60.3%
Darkness on the Edge of TownCandy's Room
60.2%
The Wild, The Innocent & The E Street Shuffle4th of July, Asbury Park (Sandy)
59.8%
Darkness on the Edge of TownAdam Raised a Cain
59.7%
Greetings from Asbury Park, NJGrowin' Up
59.5%
Born in the U.S.A.Darlington County
58.5%
Album Title Songs % Correct
Greetings from Asbury Park, NJSpirit in the Night
58.5%
Darkness on the Edge of TownProve It All Night
57.9%
Born in the U.S.A.Cover Me
57.6%
Born in the U.S.A.Bobby Jean
56.9%
Tunnel of LoveBrilliant Disguise
55.7%
The River (LP 1)Sherry Darling
54.9%
Born in the U.S.A.No Surrender
54.7%
The River (LP 2)Cadillac Ranch
54.2%
NebraskaJohnny 99
54.2%
Darkness on the Edge of TownFactory
54%
Born in the U.S.A.Working on the Highway
53.8%
Greetings from Asbury Park, NJFor You
52.8%
The Wild, The Innocent & The E Street ShuffleIncident on 57th Street
52.3%
Born in the U.S.A.I'm Goin' Down
51%
The River (LP 1)Independence Day
51%
The River (LP 1)The Ties That Bind
50.9%
Greetings from Asbury Park, NJMary Queen of Arkansas
50.5%
Born in the U.S.A.Downbound Train
50.5%
The Wild, The Innocent & The E Street ShuffleNew York City Serenade
50.2%
The Wild, The Innocent & The E Street ShuffleKitty's Back
49.8%
The River (LP 1)Out in the Street
49.8%
Greetings from Asbury Park, NJLost in the Flood
49.2%
Greetings from Asbury Park, NJDoes This Bus Stop at 82nd Street?
48%
The River (LP 2)Wreck on the Highway
47.7%
The River (LP 1)Jackson Cage
47.5%
The River (LP 2)Ramrod
47.5%
The River (LP 1)Two Hearts
47.3%
NebraskaState Trooper
45.7%
Darkness on the Edge of TownStreets of Fire
45.6%
NebraskaHighway Patrolman
45.4%
Album Title Songs % Correct
The River (LP 1)I Wanna Marry You
45.4%
The Wild, The Innocent & The E Street ShuffleWild Billy's Circus Story
45.3%
Greetings from Asbury Park, NJIt's Hard to Be a Saint in the City
45.1%
The River (LP 2)Drive All Night
45%
NebraskaMansion on the Hill
43.9%
Darkness on the Edge of TownSomething in the Night
43.9%
The River (LP 2)Point Blank
43.8%
Greetings from Asbury Park, NJThe Angel
42.9%
NebraskaReason to Believe
41.1%
The River (LP 2)Stolen Car
39.9%
Tunnel of LoveTougher Than the Rest
39.8%
The River (LP 1)You Can Look (But You Better Not Touch)
38.8%
The River (LP 2)I'm a Rocker
38.2%
NebraskaMy Father's House
37.6%
Tunnel of LoveOne Step Up
37.1%
The River (LP 1)Crush on You
37.1%
Tunnel of LoveValentine's Day
34.8%
NebraskaUsed Cars
34.2%
Tunnel of LoveAin't Got You
34.1%
The River (LP 2)Fade Away
33%
NebraskaOpen All Night
32.7%
Tunnel of LoveSpare Parts
32.5%
The River (LP 2)The Price You Pay
31.7%
Tunnel of LoveWalk Like a Man
30.5%
Tunnel of LoveAll That Heaven Will Allow
26.9%
Tunnel of LoveCautious Man
25.5%
Tunnel of LoveTwo Faces
24.4%
Tunnel of LoveWhen You're Alone
20.2%

From the Vault

Twilight Saga Books

by anonymous1

These books are probably best read...after dark.
Remove Ads.
Support Sporcle.
Get the best of Sporcle when you Go Orange. This ad-free experience offers more features, more stats, and more fun while also helping to support Sporcle. Thank you for becoming a member.

Show Comments

Extras

Top Quizzes Today


Score Distribution

Your Account Isn't Verified!

In order to create a playlist on Sporcle, you need to verify the email address you used during registration. Go to your Sporcle Settings to finish the process.

Report this User

Report this user for behavior that violates our Community Guidelines.

Details: